[Event "CHN-ch U16"]
[Site "Shenzhen"]
[Date "2023.08.01"]
[Round "9"]
[White "Ma, Binhe"]
[Black "Huang, Yihong"]
[Result "1/2-1/2"]
[WhiteElo "1718"]
[BlackElo "1835"]
[PlyCount "40"]
[EventDate "2023.07.28"]
[EventType "swiss"]
[EventRounds "11"]
[EventCountry "CHN"]
[SourceTitle "CBM 215 Extra"]
[Source "ChessBase"]
[SourceDate "2023.09.30"]
[SourceVersion "1"]
[SourceVersionDate "2023.09.30"]
[SourceQuality "1"]

1. e4 e6 2. d4 d5 3. e5 c5 4. c3 Qb6 5. Nf3 Bd7 6. Be2 cxd4 7. cxd4 Bb5 8. 0-0 Bxe2 9. Qxe2 Nc6 10. Nc3 Nge7 11. Be3 Nf5 12. Rac1 Be7 13. Qc2 0-0 14. Nxd5 exd5 15. Qxf5 Qxb2 16. Rb1 Qxa2 17. Rxb7 Qa6 18. Rbb1 Qc8 19. Qh5 Qe6 20. Rfc1 Rfb8 1/2-1/2

[Event "Belt and Road Hunan op-C"]
[Site "Changsha"]
[Date "2019.08.02"]
[Round "9"]
[White "Wang, Zijian"]
[Black "Huang, Yihong"]
[Result "1-0"]
[WhiteElo "1933"]
[BlackElo "1757"]
[PlyCount "71"]
[EventDate "2019.07.29"]
[EventType "swiss"]
[EventRounds "9"]
[EventCountry "CHN"]
[SourceTitle "EXT 2020"]
[Source "ChessBase"]
[SourceDate "2019.10.17"]
[SourceVersion "1"]
[SourceVersionDate "2019.10.17"]
[SourceQuality "1"]

1. e4 e6 2. d4 d5 3. exd5 exd5 4. Nf3 Nf6 5. Bd3 Bd6 6. Qe2+ Qe7 7. Qxe7+ Bxe7 8. 0-0 0-0 9. Bf4 c6 10. Re1 Re8 11. h3 h6 12. Nbd2 Be6 13. Re2 Nbd7 14. Rae1 Kf8 15. c3 Rad8 16. Rxe6 fxe6 17. Bg6 Nb6 18. b3 Ba3 19. Bxe8 Rxe8 20. Nb1 Bb2 21. Re2 Ba1 22. a4 Ne4 23. Rc2 c5 24. dxc5 Nd7 25. Bd6+ Kg8 26. Nfd2 Nxd6 27. cxd6 Rc8 28. b4 d4 29. Nb3 d3 30. Rc1 Bb2 31. Rd1 Nb6 32. a5 Nd5 33. Rxd3 Rd8 34. Nc5 b5 35. Nxe6 Rxd6 36. Nc7 1-0

[Event "Belt and Road Hunan op-C"]
[Site "Changsha"]
[Date "2019.07.31"]
[Round "4"]
[White "Huang, Yihong"]
[Black "Xue, Haowen"]
[Result "1/2-1/2"]
[WhiteElo "1757"]
[BlackElo "1917"]
[PlyCount "60"]
[EventDate "2019.07.29"]
[EventType "swiss"]
[EventRounds "9"]
[EventCountry "CHN"]
[SourceTitle "EXT 2020"]
[Source "ChessBase"]
[SourceDate "2019.10.17"]
[SourceVersion "1"]
[SourceVersionDate "2019.10.17"]
[SourceQuality "1"]

1. e4 c5 2. Nf3 Nc6 3. d4 cxd4 4. Nxd4 Nf6 5. Nc3 d6 6. g3 g6 7. Nxc6 bxc6 8. Bg2 Bd7 9. b3 Bg7 10. Bb2 0-0 11. 0-0 Qc7 12. Qd2 Rfc8 13. Rad1 Rab8 14. Rfe1 Be6 15. h3 Nd7 16. f4 Nc5 17. Na4 Nxa4 18. Bxg7 Kxg7 19. Qd4+ f6 20. Qxa4 c5 21. c4 a5 22. Rd3 Rb4 23. Qa3 a4 24. Rde3 axb3 25. axb3 Qb6 26. e5 dxe5 27. fxe5 f5 28. Rc3 Kf7 29. Qa2 Qc7 30. Qc2 Kg7 1/2-1/2